Statistics for Austrian Bundesliga 2023/24 Starting XIs

Click here to take the quiz!

General Stats

  • This quiz has been taken 16 times
  • The average score is 38 of 132

Answer Stats

HintAnswer% Correct
FC Red Bull SalzburgGKAlexander Schlager
80%
SK Rapid WienSTGuido Burgstaller
70%
SK Rapid WienLBJonas Auer
70%
FC Red Bull SalzburgSTKarim Konaté
70%
SK Rapid WienCBLeopold Querfeld
70%
FC Red Bull SalzburgCBOumar Solet
70%
FC Red Bull SalzburgCBStrahinja Pavlovic
70%
FK Austria WienGKChristian Früchtl
60%
SK Sturm GrazCBDavid Affengruber
60%
FC Red Bull SalzburgCMMads Bidstrup
60%
SK Rapid WienLMMarco Grüll
60%
SK Rapid WienRMNicolas Kühn
60%
SK Rapid WienGKNiklas Hedl
60%
FC Red Bull SalzburgLBAleksa Terzic
50%
TSV HartbergAMChristoph Lang
50%
FC Red Bull SalzburgDMLucas Gourna-Douath
50%
SK Rapid WienDMLukas Grgic
50%
SK Rapid WienAMMatthias Seidl
50%
TSV HartbergSTMaximilian Entrup
50%
SK Rapid WienRBNeraysho Kasanwirjo
50%
SK Rapid WienDMNikolas Sattlberger
50%
FC Red Bull SalzburgSTSékou Koita
50%
SK Rapid WienCBTerence Kongolo
50%
FC Red Bull SalzburgRBAmar Dedic
40%
FK Austria WienSTAndreas Gruber
40%
SC Austria LustenauSTAnthony Schmid
40%
SK Sturm GrazLBDavid Schnegg
40%
SC Austria LustenauGKDomenik Schierl
40%
FK Austria WienAMDominik Fitz
40%
TSV HartbergLMDonis Avdijaj
40%
FK Austria WienSTFisnik Asllani
40%
SK Sturm GrazCBGregory Wüthrich
40%
Wolfsberger ACGKHendrik Bonmann
40%
SK Sturm GrazDMJon Gorenc Stankovic
40%
SK Sturm GrazGKKjell Scherpen
40%
FK Austria WienCBLucas Galvao
40%
FK Austria WienLMMarvin Potzmann
40%
FC Blau-Weiß LinzGKNicolas Schmid
40%
FC Red Bull SalzburgAMOscar Gloukh
40%
LASKAMRobert Zulj
40%
LASKGKTobias Lawal
40%
LASKCBAndres Andrade
30%
SCR AltachSTAtdhe Nuhiu
30%
FC Blau-Weiß LinzLWConor Noß
30%
WSG TirolCBDavid Gugganig
30%
SK Sturm GrazRBJusuf Gazibegovic
30%
SC Austria LustenauRWLukas Fridrikas
30%
SCR AltachCBLukas Gugganig
30%
FK Austria WienCMManfred Fischer
30%
SK Sturm GrazSTManprit Sarkaria
30%
LASKSTMarin Ljubicic
30%
FK Austria WienCBMarvin Martins
30%
FK Austria WienCMMatthias Braunöder
30%
Wolfsberger ACSTMohamed Bamba
30%
FC Red Bull SalzburgCMNicolás Capaldo
30%
SK Sturm GrazAMOtar Kiteishvili
30%
LASKCBPhilipp Ziereis
30%
TSV HartbergGKRaphael Sallinger
30%
LASKCMSascha Horvath
30%
SK Austria KlagenfurtSTSinan Karweina
30%
SK Sturm GrazRMStefan Hierländer
30%
SC Austria LustenauAMStefano Surdanovic
30%
Wolfsberger ACRWThierno Ballo
30%
TSV HartbergDMTobias Kainz
30%
SC Austria LustenauLWYadaly Diaby
30%
SK Sturm GrazLMAlexander Prass
20%
SC Austria LustenauRBAnderson
20%
SK Austria KlagenfurtCMAndy Irving
20%
SC Austria LustenauLBBaila Diallo
20%
SCR AltachRMChristian Gebauer
20%
SC Austria LustenauCMDániel Tiefenbach
20%
SC Austria LustenauCBDarijo Grujcic
20%
SCR AltachGKDejan Stojanovic
20%
Wolfsberger ACCBDominik Baumgartner
20%
Wolfsberger ACLBJonathan Scherzer
20%
TSV HartbergRBJürgen Heil
20%
WSG TirolLBKofi Schulz
20%
WSG TirolCMLukas Sulzbacher
20%
FK Austria WienCBMatteo Meisl
20%
WSG TirolCMMatthäus Taferner
20%
SC Austria LustenauCBMatthias Maak
20%
SK Austria KlagenfurtCBNicolas Wimmer
20%
Wolfsberger ACRBNikolas Veratschnig
20%
WSG TirolSTNik Prelec
20%
TSV HartbergDMOusmane Diakité
20%
SK Austria KlagenfurtGKPhillip Menzel
20%
SC Austria LustenauCMPius Grabher
20%
FK Austria WienRMReinhold Ranftl
20%
SK Austria KlagenfurtCMRico Benatelli
20%
FC Blau-Weiß LinzSTRonivaldo
20%
Wolfsberger ACCBScott Kennedy
20%
SK Austria KlagenfurtRMSimon Straudi
20%
SK Sturm GrazSTSzymon Wlodarczyk
20%
SK Austria KlagenfurtCBThorsten Mahrer
20%
SK Austria KlagenfurtLMTill Schumacher
20%
FC Blau-Weiß LinzCMTobias Koch
20%
WSG TirolCMValentino Müller
20%
WSG TirolGKAdam Stejskal
10%
WSG TirolSTAleksander Buksa
10%
WSG TirolRBAlexander Ranacher
10%
LASKCMBranko Jovicic
10%
SK Austria KlagenfurtCMChristopher Cvetko
10%
SCR AltachCBConstantin Reiner
10%
TSV HartbergRMDominik Prokop
10%
Wolfsberger ACCMErvin Omic
10%
FC Blau-Weiß LinzCBFabio Strauss
10%
WSG TirolCBFelix Bacher
10%
LASKCBFelix Luckeneder
10%
LASKRMFlorian Flecker
10%
Wolfsberger ACLWFlorian Rieder
10%
SCR AltachSTGustavo Santos
10%
TSV HartbergCBIbane Bowat
10%
LASKSTIbrahim Mustapha
10%
SK Austria KlagenfurtSTJonas Arweiler
10%
FC Blau-Weiß LinzRMJulian Gölles
10%
SK Austria KlagenfurtCBKosmas Gkezos
10%
SCR AltachLMLeonardo Lukacevic
10%
WSG TirolAMLuca Kronberger
10%
SCR AltachAMLukas Fadinger
10%
SCR AltachCMLukas Jäger
10%
FC Blau-Weiß LinzCBManuel Maranda
10%
TSV HartbergLBManuel Pfeifer
10%
Wolfsberger ACDMMario Leitgeb
10%
FC Blau-Weiß LinzCMMichael Brandner
10%
SCR AltachCMMike-Steven Bähre
10%
SCR AltachCBPaul Koller
10%
TSV HartbergCBPaul Komposch
10%
FC Blau-Weiß LinzRWPaul Mensah
10%
LASKLMRené Renner
10%
Wolfsberger ACCMSandro Altunashvili
10%
FC Blau-Weiß LinzLMSimon Pirkl
10%
FC Blau-Weiß LinzCBStefan Haudum
10%

Score Distribution

Percentile by Number Answered

Percent of People with Each Score

Your Score History

You have not taken this quiz